Statistics for Musical ACTORS BY Picture!

Click here to take the quiz!

General Stats

  • This quiz has been taken 103 times
  • The average score is 14 of 19

Answer Stats

Answer% Correct
Will Smith
92%
Dwayne Johnson
91%
Scarlett Johansson
88%
Emma Watson
87%
John Travolta
86%
Anne Hathaway
83%
Hugh Jackman
83%
Emma Stone
82%
Ryan Gosling
82%
Julie Andrews
79%
Dolly Parton
77%
Zendaya
69%
Anna Kendrick
68%
Emily Blunt
67%
Gene Wilder
65%
Lin-Manuel Miranda
60%
Queen Latifah
56%
Ian McKellen
45%
Michelle Williams
33%

Score Distribution

Percentile by Number Answered

Percent of People with Each Score

Your Score History

You have not taken this quiz